| 000 | 01267nam a22003497a 4500 | ||
|---|---|---|---|
| 003 | CHAP | ||
| 005 | 20220329143914.0 | ||
| 008 | 120709s1993 mdu r 00010 eng d | ||
| 010 | _a103526 | ||
| 011 | _a104498 | ||
| 022 | 0 | _a1056-9685 | |
| 035 | _a115188 | ||
| 040 | _cCHAP | ||
| 082 | 0 | 4 |
_a630.0289016 _bA27 1993 |
| 245 | 0 | 0 |
_aAgricultural safety and health : _ba resource guide _c/compilado por Joy Zimmerman |
| 260 |
_aMaryland, EUA : _bNational Agricultural Library, _c1993 |
||
| 300 | _a58 p. | ||
| 490 | 0 |
_aRural Information Center publication series. _pRural Information Center _v; 21 |
|
| 590 |
_aBATCH-UPD _b10 _c20130110 _lUCH01 _h1913 |
||
| 590 |
_aBATCH-UPD _b10 _c20130410 _lUCH01 _h1240 |
||
| 590 |
_aBATCH-UPD _b10 _c20130914 _lUCH01 _h0614 |
||
| 590 |
_aCONVERSION _b10 _c20130109 _lUCH01 _h1357 |
||
| 650 | 1 | 4 |
_aAgricultura _xMedidas de seguridad. _91741 |
| 650 | 1 | 4 |
_aAgricultura _xTrabajadores. _91840 |
| 650 | 1 | 4 |
_aBibliografía. _912194 |
| 650 | 1 | 4 |
_aSalud pública rural. _9101845 |
| 700 | 1 |
_aZimmerman, Joy _e, comp. _9124042 |
|
| 830 | 0 |
_aRural Information Center publication series. _pRural Information Center _v; 21 _9100915 |
|
| 901 | _aBK | ||
| 942 | _cLIBRO | ||
| 949 |
_a630.0289016 A27 1993 _bBC _cC _d33724002330892 _eC _h117239 _i115188 _sb |
||
| 999 |
_c103526 _d103526 |
||